000 02555 a2200421 4500
001 OB-pusl-21739
003 FrMaCLE
005 20251214082815.0
007 cu ||||||m||||
008 190527e||||||||xx |||||s|||||||||0|fr|d
020 _a978-2-8028-0477-2
024 7 _a10.4000/books.pusl.21739
_2doi
040 _aFR-FrMaCLE
041 _afra
100 1 _aLogé, Tanguy
245 1 0 _aFlaubert et la théorie littéraire :
_bEn hommage à Claudine Gothot-Mersch /
_cTanguy Logé, Marie-France Renard.
260 _aBruxelles :
_bPresses universitaires Saint-Louis Bruxelles,
_c2019.
300 _a320 p.
500 _aEbook
520 _a Ce colloque a été organisé en hommage à Claudine Gothot-Mersch, professeur aux Facultés, à l'occasion de son admission à l'eméritat. Son importante contribution aux études flaubertiennes, unanimement reconnue, l'a amenée à diriger l'édition des œuvres complètes de Flaubert chez Gallimard, dans la prestigieuse « Bibliothèque de la Pléiade ». La plupart des collaborateurs qu'elle s'est choisis pour mener à bien ce vaste projet - Jeanne Bem, Anne Herschberg-Pierrot, Gisèle Séginger, Pierre-Marc de Biasi, Yvan Leclerc, Jacques Neefs, - ont participé aux journées bruxelloises ayant pour thème « Flaubert et la théorie littéraire ». Soucieux de projeter un éclairage nouveau sur l'œuvre en partant du travail créateur les différents spécialistes se sont interrogés sur quelques données essentielles : de quelle manière Flaubert aborde-t-il, dans sa réflexion critique comme dans ses écrits fictionnels, les questions de poétique, de rhétorique et d'esthétique formulées depuis l'Antiquité ? Comment résout-il les problèmes de genres, de niveaux de style, de modes narratif ? Quelles sont les catégories esthétiques où il évolue ? Répond-il aux canons en usage à son époque ou contribue-t-il à en élaborer, d'autres ?
540 _aOpenEdition Books License
_uhttps://www.openedition.org/12554
650 4 _aLiterature, Romance
650 4 _ahommage
650 4 _aétude flaubertienne
650 4 _aanalyse littéraire
650 4 _aroman
650 4 _athéâtre
650 4 _aœuvre littéraire
650 4 _arhétorique
650 4 _apoétique
650 4 _aesthétique
650 4 _amode narratif
650 4 _astyle
650 4 _adiscours théorique
700 1 _aRenard, Marie-France
776 _z978-2-8028-0156-6
856 4 _eLogé, Tanguy
_uhttps://books.openedition.org/pusl/21739
_yFlaubert et la théorie littéraire
999 _c13424
_d13424